000 00648nam a22001817a 4500
005 20171016142814.0
010 _aENG-121002
020 _a9789350353776
_c325.00
035 _aEN-104534
037 _bDBAD/PUB
082 _a379.54
100 _aMenon, N.R. Madhava
245 _aEducation and public health :
_cby N.R. Madhava Menon
_blegislative intiatives in fifty years of the republic (1950-2000) /
260 _aDelhi
_bUniversal Law Publishing
_c2013
270 _aA-58, G.T. Karnal Road Industrial Area, (Near Azadpur Metro Station)
_bDelhi
_e110033
300 _axi,138p.
_c25cm(Hb)
942 _2ddc
_cEN
_h379.54
_mMEN
999 _c146670
_d146670